<?xml version="1.0" encoding="UTF-8"?>
<record
    xmlns:xsi="http://www.w3.org/2001/XMLSchema-instance"
    xsi:schemaLocation="http://www.loc.gov/MARC21/slim http://www.loc.gov/standards/marcxml/schema/MARC21slim.xsd"
    xmlns="http://www.loc.gov/MARC21/slim">

  <leader>00779aam a2200265   4500</leader>
  <controlfield tag="005">20161111153545.0</controlfield>
  <controlfield tag="008">150529b        xxu||||| |||| 00| 0 spa d</controlfield>
  <datafield tag="041" ind1=" " ind2=" ">
    <subfield code="a">Espa&#xF1;ol</subfield>
  </datafield>
  <datafield tag="082" ind1=" " ind2=" ">
    <subfield code="a">461 D331L</subfield>
  </datafield>
  <datafield tag="100" ind1=" " ind2=" ">
    <subfield code="a">Del R&#xED;o Mart&#xED;nez, Mar&#xED;a Asunci&#xF3;n</subfield>
    <subfield code="9">20501</subfield>
  </datafield>
  <datafield tag="245" ind1=" " ind2=" ">
    <subfield code="a">Lenguaje y expresi&#xF3;n 1</subfield>
  </datafield>
  <datafield tag="260" ind1=" " ind2=" ">
    <subfield code="a">M&#xE9;xico</subfield>
    <subfield code="b">McGraw-Hill</subfield>
    <subfield code="c">2004</subfield>
  </datafield>
  <datafield tag="300" ind1=" " ind2=" ">
    <subfield code="a">275 p&#xE1;ginas </subfield>
  </datafield>
  <datafield tag="650" ind1=" " ind2=" ">
    <subfield code="a">COMUNICACI&#xD3;N ESCRITA</subfield>
    <subfield code="9">353</subfield>
  </datafield>
  <datafield tag="650" ind1=" " ind2=" ">
    <subfield code="a">REDACCI&#xD3;N</subfield>
    <subfield code="9">356</subfield>
  </datafield>
  <datafield tag="650" ind1=" " ind2=" ">
    <subfield code="a">LENGUAJE</subfield>
    <subfield code="9">1316</subfield>
  </datafield>
  <datafield tag="650" ind1=" " ind2=" ">
    <subfield code="a">LECTURA</subfield>
    <subfield code="9">31060</subfield>
  </datafield>
  <datafield tag="650" ind1=" " ind2=" ">
    <subfield code="a">FUNCI&#xD3;N DE LAS PALABRAS</subfield>
    <subfield code="9">20503</subfield>
  </datafield>
  <datafield tag="650" ind1=" " ind2=" ">
    <subfield code="a">PRESENTACI&#xD3;N DE TRABAJOS ESCRITOS</subfield>
    <subfield code="9">20504</subfield>
  </datafield>
  <datafield tag="650" ind1=" " ind2=" ">
    <subfield code="a">ORACI&#xD3;N SIMPLE</subfield>
    <subfield code="9">20505</subfield>
  </datafield>
  <datafield tag="650" ind1=" " ind2=" ">
    <subfield code="a">RESUMEN</subfield>
    <subfield code="9">2871</subfield>
  </datafield>
  <datafield tag="650" ind1=" " ind2=" ">
    <subfield code="a">ORACI&#xD3;N COMPUESTA</subfield>
    <subfield code="9">20506</subfield>
  </datafield>
  <datafield tag="650" ind1=" " ind2=" ">
    <subfield code="a">ESTRUCTURA LINGUISTICAS</subfield>
    <subfield code="9">20507</subfield>
  </datafield>
  <datafield tag="942" ind1=" " ind2=" ">
    <subfield code="c">BK</subfield>
  </datafield>
  <datafield tag="999" ind1=" " ind2=" ">
    <subfield code="c">2386</subfield>
    <subfield code="d">2386</subfield>
  </datafield>
  <datafield tag="952" ind1=" " ind2=" ">
    <subfield code="1">0</subfield>
    <subfield code="4">0</subfield>
    <subfield code="7">0</subfield>
    <subfield code="a">BACB</subfield>
    <subfield code="b">BACB</subfield>
    <subfield code="o">461 D331L</subfield>
    <subfield code="p">14867</subfield>
    <subfield code="w">2016-09-13</subfield>
    <subfield code="y">BK</subfield>
  </datafield>
</record>
